00713nam a22001697a 450000500170000001000270001702000260004403500170007003500130008703700170010003700130011724502150013026000500034527000740039530000400046970000340050920160810165047.0 a1516EN07 ENG-115713 a9789385493034c220.00 aB-606377-412 aEN-99245 adplbKKP/Ven bDBAD/PUB aRathore SSC practice papers CGL 2015 : b20 set of practice papers (each set contains one practi e paper of general english, reasoning, maths and general knowledge /cedited by Kunwar Ishwar Singh Rathore aU.P.bRathore Publishers & Distributorsc2015 aBasement, 260, Shaktikand-III, Indirapuram, bGhaziabad, U.P.e201010 avarious pagings : c25cm(pbk)bill. aRathore, Kunwar Ishwar Singh